O novo recurso de revista a partir do CPC/2015 e da Lei n. 13.467/2017

Detalles Bibliográficos
Autor principal: Pinheiro Castelo, Jorge
Formato: eBook
Lenguaje:portugués
Publicado: San Pablo: LTR, 2019
Materias:
Acceso en línea:Acceso restringido

MARC

LEADER 00000nam a22000007a 4500
005 20220407214758.0
007 cr|||| ||||
008 220407s2019 br |||||s|||| 00||0 por d
020 |a 978-85-301-0117-6 
035 |a 36036 
040 |a vLex 
090 |c 13130  |d 13130 
100 1 |a Pinheiro Castelo, Jorge 
245 1 1 |a O novo recurso de revista a partir do CPC/2015 e da Lei n. 13.467/2017  |h [Recurso electrn̤ico] /  |c Jorge Pinheiro Castelo 
256 |a Servicio en ln̕ea 
260 |a San Pablo:  |b LTR,  |c 2019 
300 |a 1 recurso electrn̤ico 
500 |a Essa nô ̌uma obra de erudiȯ̂ ou de profundidade cientf̕ica, mas sim, um manual de atuaȯ̂ prt̀ica destinado ao operador do direito, e por meio deste manual abordaremos os impactos do Cd̤igo de Processo Civil de 2015 e da denominada reforma trabalhista (Lei n. 13.467/2017) - inclusive no que diz respeito s̉ queste̳s de direito intertemporal referentes aos processos j ̀constitud̕os anteriormente ̉mencionada lei e seus reflexos no Recurso de Revista, e, tambm̌, suas repercusse̳s no Despacho Denegatr̤io, nos Embargos de Declaraȯ̂ e no Agravo de Instrumento. A matřia ̌tratada nesse livro em capt̕ulos especf̕icos, versando sobre cada um dos temas acima referidos e numa ordem aproximativa de um estudo sistemt̀ico, com objetivo de propiciar o exame dos recursos aludidos de forma entrelaȧda numa noȯ̂ de conjunto. Em cada um dos capt̕ulos se estudam as novidades e as queste̳s de relevńcia prt̀ica, inclusive com menȯ̂ s̉ Sm︢ulas, OJs da SBDI 01, as Instruė̳s Normativas ns. 39/2016, 40/2016 e 41/2018 do TST, Precedentes e s̉ outras decise̳s do Tribunal Superior do Trabalho cujo conhecimento ̌essencial para o manuseio dos recursos tratados no ḿbito do processo do trabalho, especialmente, no Tribunal Superior do Trabalho. Com esse amplo campo de exame, esse trabalho - que ̌fruto de estudos e da experin̊cia prt̀ica do autor ̌extremamente ousado e desafiador ao pretender oferecer ao leitor interessado na atuaȯ̂ perante o Tribunal Superior do Trabalho um manual prt̀ico, por b̤vio nô completo e nem exauriente, mas, que funcione como um companheiro na jornada e uma lanterna a clarear o difc̕il, complexo e quase inacessv̕el caminho de acesso ̉jurisdiȯ̂ de terceiro grau. 
506 1 |a Disponible solo en los productos indicados  |d vLex Global  |d vLex Global (Academic Edition, excluding Law Schools)  |d vLex Global (U.S. Academic Edition, Law Schools)  |d vLex Global (U.S. Academic Edition, excluding Law Schools)  |d vLex Global (Academic Edition, Law Schools) 
650 0 4 |a Derecho Laboral y Seguridad Social  |z Brasil 
650 0 4 |a Procedimiento Civil  |z Brasil 
740 0 |a vLex Libros (Servicio en ln̕ea) 
856 4 0 |u https://app.vlex.com/#/sources/36036  |z Acceso restringido 
942 |c BOOK 
999 0 |a Labor Law and Social Security 
999 0 |a Civil Procedure